Objekty na regulační drenáži I : Typový podklad

Gespeichert in:
Bibliographische Detailangaben
Format: Buch
Sprache:Tschechisch
Veröffentlicht: Praha : Hydroprojekt, 1979
Tags: Tag hinzufügen
Keine Tags, Fügen Sie das erste Tag hinzu!

MARC

LEADER 00000nam a22000003a 4500
001 stu231582
005 20150408182909.3
008 110715s1979----xr------------------cze-d
040 |a STU  |b slo 
041 0 |a cze 
044 |a xr 
245 |a Objekty na regulační drenáži I :  |b Typový podklad 
260 |a Praha :  |b Hydroprojekt,  |c 1979 
996 |b 284V034438  |c V*5523/K-1054  |l VVT  |s A  |a 24  |w stu231582_0001